00949nam a2200205Ia 4500003000900000008004100009020001800050040001600068080001500084111010500099245027100204260003700475300001700512490006500529650001900594650001000613650001900623700003000642700007100672IN-BaIIA211028s9999 xx 000 0 eng d a0-7923-5909-7 cIIA Library a524.3bTHE aNATO ASI on the Physical of Star Formation and Early Evoluion-IIcCrete, Greeced1998 May 24 -June 5 4aThe origin of stars and planetary systemsbproceedings of the NATO ASI on the physical of star formation and early evoluion-II, held in Crete, Greece, 24 May-5 June 1998cedited by Charles J. Lada and Nikolaos D. Kylafis.  aDordrechtbKluwer Academicc1999 axxxii, 718p. aNATO science series, series C: mathematical and physical sci aStar formation aStars aStellar system aKylafis, Nikolaos D., ed. aLada, Charles J., ed.